| 000 | 00814nam a22002297a 4500 | ||
|---|---|---|---|
| 005 | 20120507111946.0 | ||
| 008 | 120507t xxu||||| |||| 00| 0 eng d | ||
| 010 | _aENG-105211 | ||
| 020 |
_a9788184001945 _c250.00 |
||
| 035 | _aEN-88744 | ||
| 037 | _bDBAD/PUB | ||
| 040 |
_aDPL _bEng |
||
| 082 | _aN | ||
| 100 |
_946516 _aBasu, Samaresh |
||
| 245 |
_aFever mahakaler rather ghoda / _cby Samaresh Basu ; translated by Arunava Sinha |
||
| 260 |
_aNoida _bRandom House Publishers _c2011 |
||
| 270 |
_aWindsor IT Park, 7th Floor, Tower-B, A-1, Sector-125 _bNoida _e201301 |
||
| 300 |
_axx,129p. _c21cm(pbk) |
||
| 700 |
_aSinha, Arunava _946525 |
||
| 942 |
_2ddc _cEN _hN _mBAS |
||
| 999 |
_c66254 _d66254 |
||